| 000 | 01156nam a2200241Ii 4500 | ||
|---|---|---|---|
| 003 | JO-AjNU | ||
| 005 | 20240623135436.0 | ||
| 008 | 230605s9999||||xx |||||||||||||| ||und|| | ||
| 040 |
_aJO-AjNU _bara _erda _cJO-AjNU |
||
| 041 | _aara | ||
| 050 | 1 | 4 | _aHG8077.2010 |
| 100 |
_aعجم، عبد الكريم عبد الجواد _eمعد _965479 |
||
| 245 | 0 | 0 | _aدراسة مقارنة بين شركات التأمين التكافلي والصناديق التعاونية( التكافلية) / اعداد عبد الكريم عبد الجواد عجم |
| 264 | 3 | 1 | _a2010 |
| 300 | _a92 ورقة | ||
| 336 |
_atext _btxt _2rdacontent |
||
| 337 |
_aunmediated _bn _2rdamedia |
||
| 338 |
_avolume _bnc _2rdacarrier |
||
| 500 | _aرسالة جامعية (ماجستير في المصارف الإسلامية)--الاكاديمية العربية للعلوم المالية والمصرفية(دمشق)، 2010، يشتمل على المصادروالمراجع الببلوغرافية ص(90-92) | ||
| 650 | 4 |
_aشركات التأمين -- الصناديق التعاونية _941273 |
|
| 700 |
_aاحمد العيادي _eمشرف _965480 |
||
| 942 |
_2lcc _cTHS |
||
| 999 |
_c21151 _d21151 |
||